[Event "IECC TH-M email"]
[Site "IECC email"]
[Date "2002.12.16"]
[Round "?"]
[White "Nagley, Tim"]
[Black "Derouineau, Jacques"]
[Result "1/2-1/2"]
[WhiteElo "2138"]
[BlackElo "2326"]
[PlyCount "105"]
[EventDate "2002.??.??"]
[EventType "match (corr)"]
[EventRounds "2"]
[SourceTitle "Corr 2008"]
[Source "ChessBase"]
[SourceDate "2008.06.24"]
[SourceVersion "1"]
[SourceVersionDate "2008.06.24"]
[SourceQuality "1"]

1. e4 e5 2. Nf3 Nc6 3. Bb5 a6 4. Ba4 Nf6 5. 0-0 Be7 6. Re1 b5 7. Bb3 0-0 8. c3 d5 9. exd5 Nxd5 10. Nxe5 Nxe5 11. Rxe5 c6 12. d4 Bd6 13. Re1 Qh4 14. g3 Qh3 15. Be3 Bg4 16. Qd3 Rae8 17. Nd2 f5 18. f4 Kh8 19. Bxd5 cxd5 20. Qf1 Qh5 21. a4 g5 22. axb5 axb5 23. fxg5 Rxe3 24. Rxe3 f4 25. gxf4 Bxf4 26. Qf2 Qxg5 27. Kh1 Qh6 28. Rd3 Bg5 29. Qg2 Bf5 30. Rf1 Bxd2 31. Rxf5 Rxf5 32. Qxd2 Qh4 33. Qe2 Qf2 34. Rd2 Qf4 35. Qe8+ Kg7 36. Rg2+ Kh6 37. Qe6+ Kh5 38. Qg8 Rf7 39. h3 Kh6 40. Rg1 Kh5 41. Qg2 Qf3 42. Re1 Kh4 43. Re3 Qf4 44. Qg1 h5 45. Qe1+ Qf2 46. Qxf2+ Rxf2 47. b4 Rc2 48. Kg1 Kg5 49. Re5+ Kf4 50. Rxd5 h4 51. Rxb5 Rxc3 52. Rh5 Kf3 53. b5 1/2-1/2

[Event "IECC M email"]
[Site "IECC email"]
[Date "2002.12.12"]
[Round "?"]
[White "Nagley, Tim"]
[Black "Andersen, Lars Kirstein"]
[Result "1/2-1/2"]
[WhiteElo "2150"]
[BlackElo "2016"]
[PlyCount "102"]
[EventDate "2002.??.??"]
[EventType "tourn (corr)"]
[EventRounds "6"]
[SourceTitle "Corr 2008"]
[Source "ChessBase"]
[SourceDate "2008.06.24"]
[SourceVersion "1"]
[SourceVersionDate "2008.06.24"]
[SourceQuality "1"]

1. f4 d5 2. Nf3 g6 3. e3 Bg7 4. c4 Nf6 5. d4 0-0 6. Nc3 c6 7. Qb3 b6 8. Bd3 e6 9. 0-0 Nbd7 10. Ne5 Bb7 11. cxd5 exd5 12. Bd2 c5 13. Be2 Re8 14. Rf2 Rc8 15. Raf1 a6 16. g4 b5 17. g5 Nh5 18. Qd1 Nxe5 19. fxe5 Rf8 20. Bg4 Rc7 21. Rg2 Qxg5 22. Rf3 Qd8 23. Ne2 Rc6 24. dxc5 Bc8 25. h3 Bxe5 26. Bxh5 Bxb2 27. Bb4 a5 28. Qd2 Qh4 29. Nf4 axb4 30. Qxb2 Qe1+ 31. Kh2 Qc3 32. Nxd5 Qxb2 33. Rxb2 Rxc5 34. Nf6+ Kg7 35. Bg4 h5 36. Bxc8 Rfxc8 37. Ne4 Rc2+ 38. Rf2 Rxb2 39. Rxb2 Re8 40. Rxb4 f5 41. Ng5 Kf6 42. h4 Rxe3 43. Rxb5 Re2+ 44. Kg3 Rxa2 45. Rb6+ Kg7 46. Kf4 Ra4+ 47. Ke5 Ra5+ 48. Kd6 Ra7 49. Ne6+ Kf6 50. Kd5 Ra5+ 51. Nc5+ Kg7 1/2-1/2

[Event "IECC TH-M email"]
[Site "IECC email"]
[Date "2002.11.24"]
[Round "?"]
[White "Costa, Paulo Cesar"]
[Black "Nagley, Tim"]
[Result "1-0"]
[WhiteElo "2032"]
[BlackElo "2119"]
[PlyCount "179"]
[EventDate "2002.??.??"]
[EventType "match (corr)"]
[EventRounds "2"]
[SourceTitle "Corr 2008"]
[Source "ChessBase"]
[SourceDate "2008.06.24"]
[SourceVersion "1"]
[SourceVersionDate "2008.06.24"]
[SourceQuality "1"]

1. d4 d5 2. c4 c6 3. Nc3 Nf6 4. Nf3 e6 5. Bg5 dxc4 6. e4 b5 7. e5 h6 8. Bh4 g5 9. Nxg5 hxg5 10. Bxg5 Nbd7 11. exf6 Bb7 12. g3 c5 13. d5 Qb6 14. Bg2 0-0-0 15. 0-0 b4 16. Na4 Qb5 17. a3 Bxd5 18. Bxd5 exd5 19. Qxd5 Qxa4 20. axb4 Nb6 21. Qxf7 Qd7 22. Qxd7+ Rxd7 23. b5 Nd5 24. Rfc1 Kb7 25. Rxc4 Kb6 26. Rca4 Bd6 27. Ra6+ Kxb5 28. R1a5+ Kb4 29. Rxa7 Rhh7 30. Rxd7 Rxd7 31. Ra3 c4 32. Rf3 Rf7 33. Rf5 Kc5 34. Kg2 Kc6 35. h4 Nb4 36. g4 Nd3 37. Bd2 Kd7 38. Bc3 Ke6 39. Rb5 Rd7 40. h5 Rd8 41. Kf3 Bc5 42. h6 Rd7 43. g5 Kf5 44. Bd2 Kg6 45. Be3 Ne5+ 46. Ke4 Bxe3 47. Kxe3 Rd3+ 48. Kf4 Nf7 49. Kg4 Rd1 50. f4 Rg1+ 51. Kf3 Rf1+ 52. Kg3 Rg1+ 53. Kf2 Rh1 54. Rb7 Rb1 55. h7 Rh1 56. f5+ Kxg5 57. Rxf7 Kxf5 58. Ke3 Ke5 59. Kf3 Rh4 60. Kg3 Rh1 61. Kg2 Rh4 62. Kg3 Rh1 63. Kf3 Rh4 64. Ke3 Rh1 65. Rc7 Rh3+ 66. Kd2 Kxf6 67. Rxc4 Rxh7 68. Re4 Rb7 69. Kc3 Kf5 70. Re2 Rc7+ 71. Kd4 Rb7 72. Kc5 Rc7+ 73. Kb6 Rc4 74. Kb5 Rc8 75. b4 Rb8+ 76. Kc4 Rc8+ 77. Kd5 Rb8 78. Rf2+ Kg5 79. Rb2 Kf6 80. b5 Ke7 81. Kc6 Rc8+ 82. Kb7 Rc1 83. b6 Ra1 84. Kb8 Ra3 85. b7 Kd7 86. Rd2+ Ke6 87. Rd4 Rc3 88. Ra4 Kd6 89. Ka8 Rb3 90. b8Q+ 1-0

[Event "IECC CL1-2002.20"]
[Site "IECC email"]
[Date "2002.11.24"]
[Round "?"]
[White "Nagley, Tim"]
[Black "Garcia Gonzalvez, Jose Diego"]
[Result "1-0"]
[WhiteElo "2105"]
[BlackElo "2188"]
[PlyCount "77"]
[EventDate "2002.??.??"]
[EventType "tourn (corr)"]
[EventRounds "4"]
[SourceTitle "Corr 2008"]
[Source "ChessBase"]
[SourceDate "2008.06.24"]
[SourceVersion "1"]
[SourceVersionDate "2008.06.24"]
[SourceQuality "1"]

1. b3 e5 2. Bb2 d6 3. g3 g6 4. Bg2 Bg7 5. e3 Nf6 6. Ne2 0-0 7. 0-0 Re8 8. c4 Nbd7 9. d3 c6 10. Nbc3 Nf8 11. Ne4 Nh5 12. Ba3 c5 13. b4 f5 14. N4c3 Ne6 15. Rb1 Qe7 16. Nd5 Qf7 17. Qb3 h6 18. f4 exf4 19. Nexf4 Nhxf4 20. gxf4 Rb8 21. Bb2 Kh7 22. Bxg7 Nxg7 23. Qc3 Nh5 24. d4 cxd4 25. Qxd4 Be6 26. Qxa7 Ra8 27. Qd4 Rxa2 28. Ra1 Rea8 29. Rxa2 Rxa2 30. Rd1 Ra6 31. c5 dxc5 32. bxc5 Ra5 33. Rb1 Bc8 34. Nb6 Qa2 35. Rb2 Qa1+ 36. Bf1 Be6 37. Nc4 Bxc4 38. Rxb7+ Ng7 39. Qxc4 1-0

[Event "IECC CL1-2002.20"]
[Site "IECC email"]
[Date "2002.11.24"]
[Round "?"]
[White "Nagley, Tim"]
[Black "Vaassen, Jack M"]
[Result "1/2-1/2"]
[WhiteElo "2167"]
[BlackElo "2108"]
[PlyCount "60"]
[EventDate "2002.??.??"]
[EventType "tourn (corr)"]
[EventRounds "4"]
[SourceTitle "Corr 2008"]
[Source "ChessBase"]
[SourceDate "2008.06.24"]
[SourceVersion "1"]
[SourceVersionDate "2008.06.24"]
[SourceQuality "1"]

1. f4 d6 2. Nf3 Bg4 3. e4 e5 4. Nc3 Nf6 5. h3 Bxf3 6. Qxf3 Nc6 7. Bb5 Nd7 8. 0-0 Be7 9. fxe5 Ncxe5 10. Qf2 0-0 11. d4 c6 12. dxe5 cxb5 13. exd6 Bxd6 14. Nxb5 Be5 15. Rd1 a6 16. Nd6 Qc7 17. Bf4 Bxf4 18. Qxf4 Qb6+ 19. Kh2 Qxb2 20. Qf5 Qe5+ 21. Qxe5 Nxe5 22. Nxb7 Rfc8 23. Rd5 f6 24. Nc5 Nc4 25. Nd7 Rc7 26. Rc5 Rac8 27. Rxc7 Rxc7 28. Rd1 Ne3 29. Rd3 Nxc2 30. e5 fxe5 1/2-1/2

[Event "IECC TH-M email"]
[Site "IECC email"]
[Date "2002.11.17"]
[Round "?"]
[White "Nagley, Tim"]
[Black "Smith, Gerry"]
[Result "1-0"]
[WhiteElo "2136"]
[BlackElo "2019"]
[PlyCount "55"]
[EventDate "2002.??.??"]
[EventType "match (corr)"]
[EventRounds "2"]
[SourceTitle "Corr 2008"]
[Source "ChessBase"]
[SourceDate "2008.06.24"]
[SourceVersion "1"]
[SourceVersionDate "2008.06.24"]
[SourceQuality "1"]

1. e4 Nf6 2. e5 Nd5 3. d4 d6 4. Nf3 dxe5 5. Nxe5 Nd7 6. Nxf7 Kxf7 7. Qh5+ Ke6 8. c4 N5f6 9. d5+ Kd6 10. Qf7 Ne5 11. Bf4 c5 12. Nc3 a6 13. b4 Qb6 14. Rc1 g5 15. Bg3 h5 16. bxc5+ Qxc5 17. Qg6 Qd4 18. c5+ Kc7 19. Qd3 Qxc5 20. Bxe5+ Kd8 21. Be2 Bd7 22. 0-0 Rh6 23. Qd2 Rc8 24. Qxg5 Qa3 25. Bf3 Bg4 26. Ne4 Rxc1 27. Rxc1 Bxf3 28. Nxf6 1-0

[Event "IECC CL1-2002.19"]
[Site "IECC email"]
[Date "2002.11.09"]
[Round "?"]
[White "Kerekes, Jozef"]
[Black "Nagley, Tim"]
[Result "1/2-1/2"]
[WhiteElo "2316"]
[BlackElo "2141"]
[PlyCount "72"]
[EventDate "2002.??.??"]
[EventType "tourn (corr)"]
[EventRounds "4"]
[SourceTitle "Corr 2008"]
[Source "ChessBase"]
[SourceDate "2008.06.24"]
[SourceVersion "1"]
[SourceVersionDate "2008.06.24"]
[SourceQuality "1"]

1. e4 e5 2. Nf3 Nf6 3. Nxe5 d6 4. Nf3 Nxe4 5. d4 d5 6. Bd3 Nc6 7. 0-0 Be7 8. Re1 Bg4 9. c4 Nf6 10. cxd5 Bxf3 11. Qxf3 Qxd5 12. Qg3 Qxd4 13. Nc3 0-0 14. Nb5 Qd7 15. Rd1 Qg4 16. Qxg4 Nxg4 17. Be2 Nf6 18. Nxc7 Rac8 19. Bf4 g5 20. Bg3 h5 21. h4 gxh4 22. Bf4 Rfd8 23. Rac1 Nd4 24. Bc4 Kg7 25. Be5 h3 26. Rxd4 Rxd4 27. Bxd4 Rxc7 28. Rc3 hxg2 29. Be2 Rxc3 30. bxc3 h4 31. Kxg2 Kf8 32. Bxa7 Nd5 33. Bf3 Nxc3 34. Bxb7 Nxa2 35. Kh3 Nc3 36. f4 Bf6 1/2-1/2